[Event "Gatineau TORO"]
[Site "Gatineau CAN"]
[Date "2013.06.07"]
[Round "1"]
[White "Hebert, Jean"]
[Black "Dunne, Francesco"]
[Result "1-0"]
[WhiteElo "2409"]
[BlackElo "2072"]
[PlyCount "37"]
[GameId "2160767909347565"]
[EventDate "2013.06.07"]
[EventType "swiss"]
[EventRounds "5"]
[EventCountry "CAN"]
[SourceTitle "EXT 2022"]
[Source "ChessBase"]
[SourceDate "2021.10.06"]
[SourceVersion "1"]
[SourceVersionDate "2021.10.06"]
[SourceQuality "1"]

1. Nf3 Nf6 2. c4 g6 3. Nc3 Bg7 4. e4 d6 5. d4 O-O 6. h3 e5 7. d5 a5 8. Bg5 Na6 9. Be2 Nc5 10. Nd2 c6 11. O-O Bd7 12. Kh1 a4 13. Rb1 Qa5 14. f4 cxd5 15. cxd5 Qb4 16. Qc2 exf4 17. Rxf4 Ne8 18. a3 Qa5 19. Be7 1-0

[Event "Gatineau TORO"]
[Site "Gatineau CAN"]
[Date "2013.06.08"]
[Round "2"]
[White "Larochelle, Martial"]
[Black "Hebert, Jean"]
[Result "1/2-1/2"]
[WhiteElo "2186"]
[BlackElo "2409"]
[PlyCount "155"]
[GameId "2160767909347579"]
[EventDate "2013.06.07"]
[EventType "swiss"]
[EventRounds "5"]
[EventCountry "CAN"]
[SourceTitle "EXT 2022"]
[Source "ChessBase"]
[SourceDate "2021.10.06"]
[SourceVersion "1"]
[SourceVersionDate "2021.10.06"]
[SourceQuality "1"]

1. d4 Nf6 2. c4 e6 3. Nc3 Bb4 4. e3 O-O 5. Nge2 d5 6. a3 Be7 7. cxd5 exd5 8. g3 a5 9. Bg2 c6 10. O-O Nbd7 11. f3 c5 12. Nf4 Nb6 13. b3 Re8 14. Qd3 g6 15. g4 Be6 16. dxc5 Bxc5 17. Nb5 Bd7 18. Nd4 Bc6 19. Qc3 Bf8 20. Bb2 Bg7 21. Nxc6 bxc6 22. Qxc6 Rxe3 23. Bd4 Rxb3 24. Rab1 Rxb1 25. Rxb1 Nbd7 26. Nxd5 Nxd5 27. Qxd5 Ne5 28. Qxd8+ Rxd8 29. Bc5 Rc8 30. Bd6 Nc4 31. Be7 Bd4+ 32. Kh1 Bc5 33. Bxc5 Rxc5 34. Rc1 Rc8 35. Bf1 Nd6 36. Rd1 Nb7 37. Ba6 Rc7 38. Bxb7 Rxb7 39. Rd5 Rb3 40. Rxa5 Rxf3 41. Kg2 Rb3 42. Ra7 Rb2+ 43. Kg3 Rb3+ 44. Kg2 g5 45. Ra5 h6 46. Ra6 Kg7 47. Kf2 f6 48. Ra7+ Kg6 49. Kg2 h5 50. gxh5+ Kxh5 51. h3 Rc3 52. Ra8 Kg6 53. a4 Kf5 54. Rf8 Ra3 55. Rf7 Rxa4 56. Rf8 Ra2+ 57. Kg3 Ra3+ 58. Kg2 Ke5 59. Rg8 Kf4 60. Rb8 Ra2+ 61. Kg1 Re2 62. Rf8 f5 63. Rg8 Re3 64. Kh2 Rd3 65. Rg7 Rd2+ 66. Kg1 Kf3 67. Rxg5 f4 68. Ra5 Rd1+ 69. Kh2 Re1 70. h4 Kg4 71. h5 Re3 72. Kg2 Rg3+ 73. Kf2 Rh3 74. Ra4 Rxh5 75. Ra3 Rh2+ 76. Kf1 Rb2 77. Rc3 f3 78. Rc8 1/2-1/2

[Event "Gatineau TORO"]
[Site "Gatineau CAN"]
[Date "2013.06.08"]
[Round "3"]
[White "Hebert, Jean"]
[Black "Laptos, Krzysztof"]
[Result "1-0"]
[WhiteElo "2409"]
[BlackElo "2271"]
[PlyCount "115"]
[GameId "2160767909347587"]
[EventDate "2013.06.07"]
[EventType "swiss"]
[EventRounds "5"]
[EventCountry "CAN"]
[SourceTitle "EXT 2022"]
[Source "ChessBase"]
[SourceDate "2021.10.06"]
[SourceVersion "1"]
[SourceVersionDate "2021.10.06"]
[SourceQuality "1"]

1. Nf3 d5 2. c4 c6 3. b3 Nf6 4. g3 Bf5 5. Bg2 h6 6. O-O e6 7. Bb2 Nbd7 8. d3 Be7 9. Nc3 O-O 10. Qc2 Bh7 11. Rad1 dxc4 12. bxc4 Qa5 13. Rb1 Rfd8 14. Rfd1 Bc5 15. e4 e5 16. Na4 Bd6 17. Bc3 Qc7 18. Bh3 Rab8 19. c5 Bf8 20. Ba1 b5 21. cxb6 axb6 22. Nc3 Bc5 23. Na4 Bf8 24. Nb2 b5 25. a4 Qa7 26. Rdc1 Ba3 27. axb5 cxb5 28. Qc7 Qa8 29. Qc6 Qxc6 30. Rxc6 Nxe4 31. Bxd7 Rxd7 32. Nxe5 Re7 33. Nbc4 Ra7 34. Nxa3 Rxa3 35. Rbc1 Rxa1 36. Rxa1 Nf6 37. Rb6 Rd8 38. Rxb5 Bxd3 39. Rd1 Bxb5 40. Rxd8+ Be8 41. Ra8 g6 42. f4 Kg7 43. Ra7 h5 44. Kf2 Ng4+ 45. Nxg4 hxg4 46. Ke3 Bc6 47. Kd4 Bb5 48. Rb7 Bc6 49. Rb6 Bd7 50. Ke5 Bf5 51. Rf6 Bd3 52. f5 g5 53. Rd6 Be2 54. f6+ Kg6 55. Rd8 Bc4 56. Rg8+ Kh6 57. Rg7 Be6 58. Kd6 1-0

[Event "Gatineau TORO"]
[Site "Gatineau CAN"]
[Date "2013.06.09"]
[Round "4"]
[White "Kraiouchkine, Nikita"]
[Black "Hebert, Jean"]
[Result "0-1"]
[WhiteElo "2310"]
[BlackElo "2409"]
[PlyCount "70"]
[GameId "2160767909347600"]
[EventDate "2013.06.07"]
[EventType "swiss"]
[EventRounds "5"]
[EventCountry "CAN"]
[SourceTitle "EXT 2022"]
[Source "ChessBase"]
[SourceDate "2021.10.06"]
[SourceVersion "1"]
[SourceVersionDate "2021.10.06"]
[SourceQuality "1"]

1. e4 e6 2. d4 d5 3. Nc3 Bb4 4. e5 c5 5. a3 Bxc3+ 6. bxc3 Ne7 7. Qg4 Qc7 8. Qxg7 Rg8 9. Qxh7 cxd4 10. Ne2 Nbc6 11. f4 Bd7 12. Qd3 dxc3 13. Be3 Nf5 14. Bf2 O-O-O 15. Qxc3 d4 16. Qd2 f6 17. exf6 e5 18. O-O-O e4 19. f7 Rgf8 20. Nxd4 Ncxd4 21. Bxd4 Ba4 22. Qc3 Nxd4 23. Qxc7+ Kxc7 24. Bc4 Bxc2 25. Rde1 Bb3 26. Bxb3 Nxb3+ 27. Kc2 Nc5 28. g4 Rxf7 29. f5 Rg8 30. Reg1 Nd3 31. h3 Kd6 32. Kd2 Ke5 33. Ke3 Rc8 34. h4 Rc2 35. Rb1 Nb2 0-1

[Event "Gatineau TORO"]
[Site "Gatineau CAN"]
[Date "2013.06.09"]
[Round "5"]
[White "Hebert, Jean"]
[Black "Sambuev, Bator"]
[Result "1/2-1/2"]
[WhiteElo "2409"]
[BlackElo "2589"]
[PlyCount "92"]
[GameId "2160767909347610"]
[EventDate "2013.06.07"]
[EventType "swiss"]
[EventRounds "5"]
[EventCountry "CAN"]
[SourceTitle "EXT 2022"]
[Source "ChessBase"]
[SourceDate "2021.10.06"]
[SourceVersion "1"]
[SourceVersionDate "2021.10.06"]
[SourceQuality "1"]

1. e4 c5 2. Nf3 Nc6 3. Bb5 g6 4. O-O Bg7 5. c3 Nf6 6. Re1 O-O 7. h3 Qb6 8. Ba4 d6 9. Na3 a6 10. d4 Nd7 11. Nc4 Qc7 12. Ne3 b5 13. Bc2 cxd4 14. cxd4 Qa7 15. d5 Nce5 16. Rb1 b4 17. Nxe5 Nxe5 18. f4 Nc4 19. Qe2 Nb6 20. Kh2 a5 21. b3 Ba6 22. Bd3 Rfc8 23. Bd2 Bxd3 24. Qxd3 Qa6 25. Qxa6 Rxa6 26. Rec1 Bd4 27. Rxc8+ Nxc8 28. Rc1 Bc5 29. Nc4 Nb6 30. Kg3 f5 31. Nxb6 Rxb6 32. Kf3 Rb5 33. g4 Kf7 34. gxf5 gxf5 35. exf5 a4 36. Rc4 axb3 37. axb3 Ra5 38. Ke4 Ra3 39. Bxb4 Rxb3 40. Bxc5 dxc5 41. Rxc5 Rxh3 42. Rc7 Rh1 43. d6 Re1+ 44. Kf3 Kf6 45. Rxe7 Rxe7 46. dxe7 Kxe7 1/2-1/2

[Event "McGill op"]
[Site "Montreal CAN"]
[Date "2013.05.05"]
[Round "2"]
[White "Hebert, Jean"]
[Black "Laptos, Krzysztof"]
[Result "0-1"]
[WhiteElo "2400"]
[BlackElo "2255"]
[PlyCount "84"]
[GameId "2160767909356238"]
[EventDate "2013.05.03"]
[EventType "swiss"]
[EventRounds "5"]
[EventCountry "CAN"]
[SourceTitle "EXT 2014"]
[Source "ChessBase"]
[SourceDate "2013.11.20"]
[SourceVersion "1"]
[SourceVersionDate "2013.11.20"]
[SourceQuality "1"]

1. c4 d6 2. d4 e5 3. Nf3 e4 4. Nfd2 f5 5. e3 Nf6 6. Nc3 c5 7. d5 g6 8. b3 Bh6 9. Qc2 Nbd7 10. Be2 Ne5 11. Bb2 O-O 12. h3 Qe7 13. O-O-O Bd7 14. Kb1 a6 15. Rdg1 b5 16. g4 b4 17. Nd1 Bg7 18. g5 Nh5 19. f4 exf3 20. Nxf3 a5 21. Nxe5 dxe5 22. Bxh5 gxh5 23. g6 h6 24. Nf2 a4 25. Nd3 axb3 26. axb3 Ra6 27. Qe2 e4 28. Nf4 Rfa8 29. d6 Ra1+ 30. Bxa1 Rxa1+ 31. Kc2 Qe5 32. Rxa1 Qc3+ 33. Kd1 Qxa1+ 34. Kc2 Qxh1 35. Qd2 Qa1 36. Qd5+ Kh8 37. Qf7 Qc3+ 38. Kd1 Qxb3+ 39. Ke2 Qc2+ 40. Kf1 Qd1+ 41. Kg2 Qf3+ 42. Kh2 Qxe3 0-1

[Event "McGill op"]
[Site "Montreal CAN"]
[Date "2013.05.04"]
[Round "3"]
[White "Hebert, Jean"]
[Black "Guo, Forest"]
[Result "1/2-1/2"]
[WhiteElo "2400"]
[BlackElo "2019"]
[PlyCount "43"]
[GameId "2160767909356243"]
[EventDate "2013.05.03"]
[EventType "swiss"]
[EventRounds "5"]
[EventCountry "CAN"]
[SourceTitle "EXT 2014"]
[Source "ChessBase"]
[SourceDate "2013.11.20"]
[SourceVersion "1"]
[SourceVersionDate "2013.11.20"]
[SourceQuality "1"]

1. d4 d5 2. Nf3 Nf6 3. c4 e6 4. Nc3 Be7 5. Bf4 c6 6. e3 O-O 7. Rc1 Nbd7 8. Bd3 dxc4 9. Bxc4 b5 10. Bd3 Bb7 11. O-O a6 12. Ne4 Nxe4 13. Bxe4 Qb6 14. Ne5 Nxe5 15. Bxe5 Rac8 16. b4 Bxb4 17. Bxh7+ Kxh7 18. Qh5+ Kg8 19. Bxg7 Kxg7 20. Qg5+ Kh7 21. Qh5+ Kg7 22. Qg5+ 1/2-1/2

[Event "Mauricie op"]
[Site "Trois-Rivieres CAN"]
[Date "2013.03.15"]
[Round "1"]
[White "Lepine, Cedric"]
[Black "Hebert, Jean"]
[Result "0-1"]
[WhiteElo "2036"]
[BlackElo "2379"]
[PlyCount "66"]
[GameId "2160767909373059"]
[EventDate "2013.03.15"]
[EventType "swiss"]
[EventRounds "5"]
[EventCountry "CAN"]
[SourceTitle "EXT 2014"]
[Source "ChessBase"]
[SourceDate "2013.11.20"]
[SourceVersion "1"]
[SourceVersionDate "2013.11.20"]
[SourceQuality "1"]

1. d4 Nf6 2. c4 e6 3. Nc3 Bb4 4. a3 Bxc3+ 5. bxc3 c5 6. e3 Nc6 7. Bd3 d6 8. Ne2 O-O 9. O-O e5 10. e4 h6 11. h3 Re8 12. d5 Ne7 13. f4 exf4 14. Nxf4 Nd7 15. Nh5 Ne5 16. Ra2 N7g6 17. Raf2 Qh4 18. Bc2 Bg4 19. hxg4 Nxg4 20. g3 Qxh5 21. Qe2 N6e5 22. Rf5 Qh3 23. Bf4 g6 24. Bxe5 Nxe5 25. R5f3 Qg4 26. Qe3 Nxf3+ 27. Rxf3 Re5 28. Rf4 Qg5 29. Qf2 Rf8 30. Rf6 Qc1+ 31. Kg2 Rh5 32. g4 Qh1+ 33. Kg3 Rh3+ 0-1

[Event "Mauricie op"]
[Site "Trois-Rivieres CAN"]
[Date "2013.03.16"]
[Round "2"]
[White "Hebert, Jean"]
[Black "Masse, Hugues"]
[Result "1-0"]
[WhiteElo "2379"]
[BlackElo "2212"]
[PlyCount "133"]
[GameId "2160767909373072"]
[EventDate "2013.03.15"]
[EventType "swiss"]
[EventRounds "5"]
[EventCountry "CAN"]
[SourceTitle "EXT 2014"]
[Source "ChessBase"]
[SourceDate "2013.11.20"]
[SourceVersion "1"]
[SourceVersionDate "2013.11.20"]
[SourceQuality "1"]

1. d4 Nf6 2. c4 g6 3. Nc3 d5 4. cxd5 Nxd5 5. g3 Bg7 6. Bg2 Nxc3 7. bxc3 c5 8. e3 O-O 9. Ne2 Nd7 10. O-O Qc7 11. a4 Rb8 12. Nf4 b6 13. Nd5 Qd8 14. Ba3 Bb7 15. Qb3 e6 16. Nf4 Bxg2 17. Kxg2 Qc7 18. Rad1 Rbc8 19. d5 exd5 20. Nxd5 Qe5 21. c4 Rfd8 22. Rd2 Qe6 23. Rfd1 Nf6 24. Bb2 Ne4 25. Bxg7 Nxd2 26. Rxd2 Kxg7 27. Qc3+ f6 28. f3 Qe5 29. Qxe5 fxe5 30. e4 Kf7 31. Kf2 Rd7 32. Rb2 Ke6 33. h4 Kd6 34. Ke3 Kc6 35. f4 exf4+ 36. gxf4 Kd6 37. Rh2 Ke6 38. h5 Rg8 39. Rg2 Rdd8 40. h6 Rgf8 41. Rg5 Rf7 42. Rg1 Rb7 43. Rb1 Rdb8 44. Kf3 Kf7 45. Kg4 a6 46. e5 Ke6 47. Nf6 Rd8 48. Ne4 Ke7 49. Nf6 Ke6 50. Ne4 Ke7 51. Ng5 Ke8 52. Ne6 Rc8 53. f5 gxf5+ 54. Kxf5 b5 55. axb5 axb5 56. cxb5 c4 57. Nd4 Rf7+ 58. Ke4 c3 59. Nf5 Rc4+ 60. Kd5 Rxf5 61. Kxc4 c2 62. Rc1 Rxe5 63. Rxc2 Kf7 64. b6 Kg6 65. b7 Re4+ 66. Kb5 Re5+ 67. Rc5 1-0

[Event "Mauricie op"]
[Site "Trois-Rivieres CAN"]
[Date "2013.03.16"]
[Round "3"]
[White "Djerkovic, Miladin"]
[Black "Hebert, Jean"]
[Result "0-1"]
[WhiteElo "2287"]
[BlackElo "2379"]
[PlyCount "62"]
[GameId "2160767909373084"]
[EventDate "2013.03.15"]
[EventType "swiss"]
[EventRounds "5"]
[EventCountry "CAN"]
[SourceTitle "EXT 2014"]
[Source "ChessBase"]
[SourceDate "2013.11.20"]
[SourceVersion "1"]
[SourceVersionDate "2013.11.20"]
[SourceQuality "1"]

1. e4 d6 2. d4 g6 3. Nc3 c6 4. Be3 Bg7 5. Qd2 b5 6. Bd3 Nd7 7. Nf3 Ngf6 8. h3 e5 9. dxe5 dxe5 10. a4 b4 11. Ne2 a5 12. O-O O-O 13. c3 Qe7 14. cxb4 axb4 15. Rfc1 Bb7 16. Qc2 Ne8 17. Nd2 Nc7 18. Nb3 Ne6 19. a5 Ba6 20. Rd1 c5 21. Bxa6 Rxa6 22. Rd5 Rc8 23. Rad1 Ra7 24. Qc4 Rac7 25. R5d2 Nd4 26. Nec1 Qe6 27. Qxe6 fxe6 28. Bxd4 exd4 29. Rc2 Bh6 30. Ne2 Ne5 31. Nbc1 b3 0-1

[Event "Mauricie op"]
[Site "Trois-Rivieres CAN"]
[Date "2013.03.17"]
[Round "4"]
[White "Hebert, Jean"]
[Black "Roussel-Roozmon, Thomas"]
[Result "1-0"]
[WhiteElo "2379"]
[BlackElo "2466"]
[PlyCount "147"]
[GameId "2160767909373098"]
[EventDate "2013.03.15"]
[EventType "swiss"]
[EventRounds "5"]
[EventCountry "CAN"]
[SourceTitle "EXT 2014"]
[Source "ChessBase"]
[SourceDate "2013.11.20"]
[SourceVersion "1"]
[SourceVersionDate "2013.11.20"]
[SourceQuality "1"]

1. d4 Nf6 2. Nf3 e6 3. c4 c5 4. d5 exd5 5. cxd5 d6 6. Nc3 g6 7. h3 a6 8. a4 Qe7 9. g3 Bg7 10. Bg2 O-O 11. O-O Nbd7 12. Nd2 Rb8 13. Nc4 Ne8 14. a5 Ne5 15. Nb6 g5 16. Qc2 Ng6 17. Nxc8 Rxc8 18. Qf5 Nc7 19. Bxg5 Qe5 20. Qxe5 Bxe5 21. Na4 Nb5 22. Bd2 Bg7 23. e3 Ne5 24. Rfb1 Rc7 25. Ra2 Re8 26. Bc3 Nc4 27. Bf1 Nxc3 28. Nxc3 Ne5 29. Kg2 Nd7 30. Rc1 Kf8 31. Ra4 Rb8 32. Rc2 Ke7 33. Re4+ Kf8 34. Rh4 h6 35. Ra4 Ke7 36. g4 Bf6 37. Ne4 Ne5 38. Ng3 Kd7 39. f4 Ng6 40. Bd3 b5 41. axb6 Rxb6 42. Rxa6 Rcb7 43. Rxb6 Rxb6 44. Nf5 Nh4+ 45. Nxh4 Bxh4 46. Bc4 Rb8 47. b3 Ra8 48. Bb5+ Ke7 49. Ba4 Ra7 50. Kf3 Be1 51. e4 f6 52. e5 fxe5 53. fxe5 dxe5 54. Rxc5 Kd6 55. Rc6+ Kxd5 56. Rxh6 Rf7+ 57. Ke2 Bb4 58. Bb5 Ra7 59. Ra6 Rh7 60. Bc6+ Kd4 61. Bg2 Rc7 62. Rc6 Rxc6 63. Bxc6 Be7 64. Kf3 Kc5 65. Be4 Kd4 66. Bg6 Bh4 67. Bf7 Be7 68. Kg3 e4 69. h4 Bd6+ 70. Kf2 Ke5 71. g5 Kf5 72. g6 Bc5+ 73. Ke2 Bd4 74. b4 1-0

[Event "Mauricie op"]
[Site "Trois-Rivieres CAN"]
[Date "2013.03.18"]
[Round "5"]
[White "Sambuev, Bator"]
[Black "Hebert, Jean"]
[Result "1-0"]
[WhiteElo "2579"]
[BlackElo "2379"]
[PlyCount "81"]
[GameId "2160767909373116"]
[EventDate "2013.03.15"]
[EventType "swiss"]
[EventRounds "5"]
[EventCountry "CAN"]
[SourceTitle "EXT 2014"]
[Source "ChessBase"]
[SourceDate "2013.11.20"]
[SourceVersion "1"]
[SourceVersionDate "2013.11.20"]
[SourceQuality "1"]

1. d4 d5 2. Nf3 Nf6 3. e3 e6 4. Bd3 b6 5. O-O Be7 6. b3 O-O 7. Bb2 Bb7 8. c4 Ne4 9. Nc3 Nxc3 10. Bxc3 Nd7 11. cxd5 exd5 12. Ne5 Nf6 13. Bb2 a6 14. Rc1 Bd6 15. f3 g6 16. Qe1 Nh5 17. g4 Ng7 18. f4 f5 19. h3 Qe7 20. Qg3 Qe6 21. Kh2 Rac8 22. Rg1 Rce8 23. b4 Re7 24. a3 Bxe5 25. dxe5 Rff7 26. Bd4 Rd7 27. a4 Rd8 28. Qh4 Rdf8 29. Rc2 Rc8 30. b5 axb5 31. axb5 Ra8 32. Rcg2 Bc8 33. Qh6 Ra3 34. gxf5 Rxf5 35. Bxf5 Qxf5 36. e6 Nxe6 37. Rxg6+ hxg6 38. Rxg6+ Kf7 39. Rf6+ Qxf6 40. Qxf6+ Ke8 41. Qh8+ 1-0

[Event "Gatineau op"]
[Site "Gatineau CAN"]
[Date "2013.03.01"]
[Round "1"]
[White "Hebert, Jean"]
[Black "Gagnon, Serge"]
[Result "1-0"]
[WhiteElo "2451"]
[BlackElo "2010"]
[PlyCount "31"]
[GameId "2160767909381445"]
[EventDate "2013.03.01"]
[EventType "swiss"]
[EventRounds "5"]
[EventCountry "CAN"]
[SourceTitle "EXT 2022"]
[Source "ChessBase"]
[SourceDate "2021.10.06"]
[SourceVersion "1"]
[SourceVersionDate "2021.10.06"]
[SourceQuality "1"]

1. Nf3 g6 2. d4 Bg7 3. e4 d5 4. exd5 Qxd5 5. Nc3 Qa5 6. Bc4 Nh6 7. Bxh6 Bxh6 8. Ne5 O-O 9. O-O Kg7 10. Nd5 c6 11. Nxe7 Be6 12. Bxe6 fxe6 13. Qg4 Rf6 14. Qh3 Bg5 15. f4 Rxf4 16. Qxe6 1-0

[Event "Gatineau op"]
[Site "Gatineau CAN"]
[Date "2013.03.02"]
[Round "2"]
[White "Kalra, Agastya"]
[Black "Hebert, Jean"]
[Result "1-0"]
[WhiteElo "2101"]
[BlackElo "2451"]
[PlyCount "91"]
[GameId "2160767909381458"]
[EventDate "2013.03.01"]
[EventType "swiss"]
[EventRounds "5"]
[EventCountry "CAN"]
[SourceTitle "EXT 2022"]
[Source "ChessBase"]
[SourceDate "2021.10.06"]
[SourceVersion "1"]
[SourceVersionDate "2021.10.06"]
[SourceQuality "1"]

1. e4 g6 2. d4 d6 3. Nc3 c6 4. Be3 Bg7 5. f4 Qb6 6. Qd2 Qxb2 7. Rb1 Qa3 8. e5 Nh6 9. Nf3 O-O 10. Bd3 Qa5 11. O-O f6 12. f5 Nxf5 13. Bxf5 Bxf5 14. Rxb7 Nd7 15. d5 Qa6 16. dxc6 Qxc6 17. Qd5+ Qxd5 18. Nxd5 Nxe5 19. Nxe7+ Kh8 20. Nxf5 gxf5 21. Nd4 Nc4 22. Bf4 Rfe8 23. Nxf5 Bf8 24. Ng3 d5 25. Nh5 Re6 26. Rfb1 Bc5+ 27. Kf1 Bb6 28. Re1 Rxe1+ 29. Kxe1 Re8+ 30. Kf1 Bd4 31. Bh6 f5 32. Bg7+ Bxg7 33. Nxg7 Rf8 34. Kf2 a5 35. Ne6 Rc8 36. Rc7 Rxc7 37. Nxc7 Kg7 38. Nxd5 Kf7 39. Ne3 Na3 40. Kf3 Ke6 41. Kf4 a4 42. c4 Kd6 43. Kxf5 Kc5 44. Kg5 Nb1 45. Nd5 a3 46. Ne3 1-0

[Event "Gatineau op"]
[Site "Gatineau CAN"]
[Date "2013.03.02"]
[Round "3"]
[White "Hebert, Jean"]
[Black "Libersan, Mattieu"]
[Result "1-0"]
[WhiteElo "2451"]
[BlackElo "1934"]
[PlyCount "55"]
[GameId "2160767909381475"]
[EventDate "2013.03.01"]
[EventType "swiss"]
[EventRounds "5"]
[EventCountry "CAN"]
[SourceTitle "EXT 2022"]
[Source "ChessBase"]
[SourceDate "2021.10.06"]
[SourceVersion "1"]
[SourceVersionDate "2021.10.06"]
[SourceQuality "1"]

1. Nf3 Nf6 2. d4 d5 3. c4 c6 4. Nc3 e6 5. e3 Nbd7 6. Qc2 Bd6 7. b3 O-O 8. Be2 a6 9. O-O dxc4 10. bxc4 c5 11. Bb2 b6 12. Rad1 Qe7 13. Ng5 Bb7 14. d5 exd5 15. Nxd5 Bxd5 16. Rxd5 h6 17. Rfd1 Bxh2+ 18. Kxh2 hxg5 19. Rxg5 Rfe8 20. Qf5 Qe6 21. Rxg7+ Kxg7 22. Qg5+ Kf8 23. Rxd7 Qxd7 24. Qh6+ Ke7 25. Qxf6+ Kf8 26. Qh6+ Ke7 27. Bf6+ Kd6 28. Qf4+ 1-0

[Event "Gatineau op"]
[Site "Gatineau CAN"]
[Date "2013.03.03"]
[Round "4"]
[White "Hebert, Jean"]
[Black "Cova, Ramon"]
[Result "1-0"]
[WhiteElo "2451"]
[BlackElo "2075"]
[PlyCount "79"]
[GameId "2160767909381492"]
[EventDate "2013.03.01"]
[EventType "swiss"]
[EventRounds "5"]
[EventCountry "CAN"]
[SourceTitle "EXT 2022"]
[Source "ChessBase"]
[SourceDate "2021.10.06"]
[SourceVersion "1"]
[SourceVersionDate "2021.10.06"]
[SourceQuality "1"]

1. Nf3 Nf6 2. c4 e6 3. d4 d5 4. Nc3 c6 5. e3 Nbd7 6. Bd3 a6 7. b3 Bb4 8. Bb2 Ne4 9. Bxe4 dxe4 10. Nd2 f5 11. O-O Qh4 12. g3 Qh6 13. Qe2 O-O 14. f3 exf3 15. Nxf3 Bxc3 16. Bxc3 Nf6 17. Bb4 Rd8 18. Be7 Rd7 19. Bxf6 gxf6 20. e4 fxe4 21. Qxe4 Rg7 22. Rae1 Bd7 23. Qe3 Qh3 24. Nd2 Rf8 25. Ne4 Rg6 26. Nc5 Rh6 27. Rf2 Bc8 28. Nd3 Qh5 29. Qf4 Re8 30. Qd6 Qf7 31. Ref1 Kg7 32. Ne5 Qf8 33. Qb8 f5 34. Rf4 Qe7 35. Kg2 c5 36. Qa7 cxd4 37. Qxd4 Qf6 38. Rg4+ Kf8 39. Qe3 Qe7 40. Rxf5+ 1-0

[Event "Gatineau op"]
[Site "Gatineau CAN"]
[Date "2013.03.03"]
[Round "5"]
[White "Oussedik, Elias"]
[Black "Hebert, Jean"]
[Result "1-0"]
[WhiteElo "2253"]
[BlackElo "2451"]
[PlyCount "95"]
[GameId "2160767909381507"]
[EventDate "2013.03.01"]
[EventType "swiss"]
[EventRounds "5"]
[EventCountry "CAN"]
[SourceTitle "EXT 2022"]
[Source "ChessBase"]
[SourceDate "2021.10.06"]
[SourceVersion "1"]
[SourceVersionDate "2021.10.06"]
[SourceQuality "1"]

1. d4 Nf6 2. c4 e6 3. Nf3 b6 4. g3 Ba6 5. Qa4 c6 6. Nc3 Be7 7. Bg2 O-O 8. O-O d5 9. cxd5 cxd5 10. Bf4 b5 11. Nxb5 Qe8 12. Nc3 Qxa4 13. Nxa4 Bxe2 14. Rfc1 Nbd7 15. Nc5 Rfc8 16. b4 a5 17. a3 Nb6 18. Nd2 a4 19. Ra2 Ne8 20. Rac2 g5 21. Be3 Bb5 22. Nb7 Rxc2 23. Rxc2 Rb8 24. Na5 Nd6 25. Bf1 Bf6 26. Rc5 Nd7 27. Rc7 Nb6 28. Rc5 Be8 29. Be2 Nf5 30. Nf3 g4 31. Ne5 Bxe5 32. dxe5 Nxe3 33. fxe3 Nd7 34. Nc6 Rb6 35. Rc3 h5 36. Bd1 Kg7 37. Bxa4 Nxe5 38. Nxe5 Bxa4 39. Rc7 Kf6 40. Nxf7 Rc6 41. Rxc6 Bxc6 42. Nd6 Ke5 43. Nc8 Bb7 44. Nb6 d4 45. Nd7+ Ke4 46. Nc5+ Kxe3 47. Nxb7 d3 48. Nd6 1-0

[Event "Quebec-ch classe"]
[Site "Montreal CAN"]
[Date "2013.01.18"]
[Round "1.2"]
[White "Hebert, Jean"]
[Black "Prahov, Valentin"]
[Result "0-1"]
[WhiteElo "2417"]
[BlackElo "2121"]
[PlyCount "110"]
[GameId "2160767909381947"]
[EventDate "2013.01.18"]
[EventType "swiss"]
[EventRounds "5"]
[EventCountry "CAN"]
[SourceTitle "EXT 2022"]
[Source "ChessBase"]
[SourceDate "2021.10.06"]
[SourceVersion "1"]
[SourceVersionDate "2021.10.06"]
[SourceQuality "1"]

1. c4 Nf6 2. Nf3 g6 3. Nc3 d5 4. cxd5 Nxd5 5. Qb3 Nxc3 6. Qxc3 f6 7. d4 Bg7 8. Bf4 c6 9. e3 Be6 10. h4 Bf7 11. h5 Nd7 12. h6 Bf8 13. e4 Nb6 14. Be2 e6 15. Be3 Rg8 16. Nd2 g5 17. Nb3 Na4 18. Qc2 Rg6 19. O-O-O Rxh6 20. Rxh6 Bxh6 21. Rh1 Bg7 22. Rxh7 Kf8 23. Rh1 Rc8 24. f4 gxf4 25. Bxf4 b5 26. Qd2 Bg6 27. Qe3 Kg8 28. Rd1 Qe7 29. Bg4 Re8 30. Nc5 Nxc5 31. dxc5 f5 32. exf5 Bxf5 33. Bg5 Bxb2+ 34. Kxb2 Qg7+ 35. Rd4 Bxg4 36. Bh6 Qf6 37. Kb3 Bf5 38. Rd7 Re7 39. Rd8+ Kh7 40. Bg5 Qa1 41. Bxe7 Qb1+ 42. Kc3 Qc2+ 43. Kd4 Qb2+ 44. Qc3 e5+ 45. Kxe5 Qxc3+ 46. Kxf5 Qc2+ 47. Ke6 Qxa2+ 48. Kd6 Qxg2 49. Rd7 Kg6 50. Rxa7 b4 51. Rb7 b3 52. Kc7 b2 53. Bd6 Kf5 54. Rb4 Ke6 55. Bf8 Kd5 0-1

[Event "Montmagny op"]
[Site "Montmagny CAN"]
[Date "2011.11.12"]
[Round "1"]
[White "Hebert, Jean"]
[Black "Gagnon, Vincent"]
[Result "1-0"]
[WhiteElo "2417"]
[BlackElo "1747"]
[PlyCount "85"]
[GameId "2160767909573622"]
[EventDate "2011.11.11"]
[EventType "swiss"]
[EventRounds "5"]
[EventCountry "CAN"]
[SourceTitle "EXT 2022"]
[Source "ChessBase"]
[SourceDate "2021.10.06"]
[SourceVersion "1"]
[SourceVersionDate "2021.10.06"]
[SourceQuality "1"]

1. d4 Nf6 2. c4 e6 3. Nf3 b6 4. a3 Bb7 5. Nc3 d5 6. cxd5 exd5 7. g3 Be7 8. Qa4+ Nbd7 9. Ne5 O-O 10. Nc6 Bxc6 11. Qxc6 Bd6 12. Bh3 Qe7 13. Bg5 Rfe8 14. O-O h6 15. Nxd5 Qe4 16. Bxf6 Nxf6 17. Nxf6+ gxf6 18. Qxe4 Rxe4 19. Bg2 Rae8 20. Bxe4 Rxe4 21. e3 Kg7 22. Rac1 f5 23. Kg2 Kf6 24. Kf3 h5 25. h4 Re6 26. Rc6 Ke7 27. Rfc1 Kd7 28. R1c2 Re4 29. R6c4 Re6 30. Ra4 a5 31. b4 axb4 32. axb4 Re8 33. b5 f6 34. Ra7 Rc8 35. Rca2 Ke7 36. Ra8 Rxa8 37. Rxa8 Kf7 38. Rh8 Kg6 39. Rd8 Kf7 40. Rd7+ Ke6 41. Rh7 Kd5 42. Rxh5 Ke6 43. Rh7 1-0

[Event "Montmagny op"]
[Site "Montmagny CAN"]
[Date "2011.11.13"]
[Round "2"]
[White "Auger, Bertrand"]
[Black "Hebert, Jean"]
[Result "0-1"]
[WhiteElo "1942"]
[BlackElo "2417"]
[PlyCount "60"]
[GameId "2160767909573626"]
[EventDate "2011.11.11"]
[EventType "swiss"]
[EventRounds "5"]
[EventCountry "CAN"]
[SourceTitle "EXT 2022"]
[Source "ChessBase"]
[SourceDate "2021.10.06"]
[SourceVersion "1"]
[SourceVersionDate "2021.10.06"]
[SourceQuality "1"]

1. Nf3 c5 2. c4 Nf6 3. Nc3 Nc6 4. g3 d5 5. cxd5 Nxd5 6. Bg2 Nc7 7. O-O e5 8. d3 Be7 9. Be3 O-O 10. Rc1 Bg4 11. h3 Be6 12. Ne4 b6 13. b4 Nxb4 14. Nxe5 Nxa2 15. Nc6 Qe8 16. Rc2 Nd5 17. Rxa2 Qxc6 18. Qa1 Qd7 19. Kh2 a5 20. Ra4 f5 21. Nd2 Bf6 22. d4 b5 23. Rxa5 Rxa5 24. Qxa5 cxd4 25. Bf4 g5 26. Bxd5 Bxd5 27. Bc7 Rc8 28. Bb6 Qe8 29. Re1 d3 30. Be3 dxe2 0-1